000 01330cam a2200313 a 4500
001 15524943
003 OSt
005 20240626111251.0
008 081117s2009 enka b 001 0 eng
010 _a 2008046194
020 _a9781843313281
035 _a(OCoLC)ocn246889975
040 _cMUST
043 _acl-----
082 0 0 _a338.98 RET 2010
_222
100 _aGallahger, Kevin P
_917988
245 0 0 _aRethinking foreign investment for sustainable development :
_blessons for Latin America /
_cedited by Kevin P. Gallagher, Daniel Chudnovsky ; foreword by José Antonio Ocampo.
260 _aLondon ;
_aNew York :
_bAnthem Press,
_c2010
300 _axxvii, 291 p. :
_bill. ;
_c24 cm.
504 _aIncludes bibliographical references (p. [253]-266) and index.
650 0 _aSustainable development
_zLatin America.
_917989
650 0 _aInvestments, Foreign
_zLatin America.
_917990
700 1 _aGallagher, Kevin,
_917991
700 1 _aChudnovsky, Daniel.
_917992
776 0 8 _iOnline version:
_tRethinking foreign investment for sustainable development.
_dLondon ; New York : Anthem Press, 2009
_w(OCoLC)612973827
906 _a7
_bcbc
_corignew
_d1
_eecip
_f20
_gy-gencatlg
942 _2ddc
_cO_SHELF
999 _c8895
_d8895